000 01101nam a2200229 i 4500
001 59517
003 ES-MaACL
005 20250519211517.0
007 t|
008 170822s1610 sp |||| | spa d
100 1 _aZurita, Jerónimo.
_9118536
245 1 0 _aAnales de la Corona de Aragón /
_ccompuestos por Geronymo Çurita ; Tomo primero [-sexto]...
260 _aImpressos en Çaragoça :
_ben el Colegio de S. Vicente Ferrer por Lorenço de Robles ... : a costa de los Administradores del General,
_c1610.
300 _a6 v. ([13], 454 [i.e. 456] h. ; [8], 458 [i.e. 460] h. ; [12], 326 h. ; [8], 371 h., [1] en bl. ; [8], 351 h., [1] en bl. ; [6], 407, [2] h., [1] en bl. ; [2], 31, [1] h. ;
_c28 cm.
530 _aDisponible en formato digital.
597 _aTexto a dos columnas con apostillas marginales.
651 4 _aAragón (Reino)-
_xHistoria.
_97791
852 _aES-MaACL
_jR-144-149
_z- Piel marrón, hierros
_x Olim: C-12845-50
856 _uhttp://bdh-rd.bne.es/viewer.vm?id=0000041103&page=1
_zBiblioteca Digital Hispánica
942 _2udc
999 _c59517
_d59517